banner koha

Calcium anacardate as source of phenolic compounds in diet for New Zealand White female rabbits (Registro n. 338252)

MARC details
000 -LÍDER
fixed length control field 03544nab a2200385 4500
003 - CÓDIGO MARC DA AGÊNCIA CATALOGADORA
Campo de controle BR-BrBNA
005 - DATA E HORA DA ÚLTIMA ATUALIZAÇÃO
Campo de controle 20250918154414.0
008 - CAMPO DE TAMANHO FIXO
fixed length control field 250918b2024 bl.ar|pooa||| 00| 0 eng |
040 ## - FONTE DA CATALOGAÇÃO
Agência catalogadora BR-BrBNA
Idioma da catalogação por
072 ## - CATEGORIA AGRIS
Código AGRIS L01 ; L02 ; L53
Código do objeto 5600 ; 8954
100 ## - ENTRADA PRINCIPAL - NOME PESSOAL
Nome pessoal Oliveira, José Vladmir Araujo
100 ## - ENTRADA PRINCIPAL - NOME PESSOAL
Nome pessoal Watanabe, Pedro Henrique
100 ## - ENTRADA PRINCIPAL - NOME PESSOAL
Nome pessoal Vieira Neto, Maurício Francisco
100 ## - ENTRADA PRINCIPAL - NOME PESSOAL
Nome pessoal Nascimento, Germano Augusto Jerônimo do
100 ## - ENTRADA PRINCIPAL - NOME PESSOAL
Nome pessoal Nepomuceno, Rafael Carlos
100 ## - ENTRADA PRINCIPAL - NOME PESSOAL
Nome pessoal Pacheco, Paulo Natanael Lima
100 ## - ENTRADA PRINCIPAL - NOME PESSOAL
Nome pessoal Santos, Marcelo Emersom Costa
100 ## - ENTRADA PRINCIPAL - NOME PESSOAL
Nome pessoal Freitas, Ednardo Rodrigues
245 ## - TÍTULO PRINCIPAL
Título principal Calcium anacardate as source of phenolic compounds in diet for New Zealand White female rabbits
500 ## - NOTA GERAL
Nota geral Summaries (En, Pt); 35 ref.; 7 tables
942 ## - ADDED ENTRY ELEMENTS (KOHA)
Koha item type Analítica
520 ## - NOTA DE RESUMO
Nota de conteúdo Abstract – The objective of this work was to evaluate the effect of the dietary addition of calcium anacardate as a source of phenolic compounds on the reproductive performance and blood antioxidant parameters of New Zealand White female rabbits. Twenty-seven New Zealand White female rabbits were distributed in a randomized complete block design with three treatments and nine replicates, considering one animal as the experimental unit. The treatments consisted of pelleted diets with different inclusion levels of calcium anacardate (0, 0.5, and 1.0%). The inclusion of calcium anacardate in the diets increased the concentration of phenolic compounds and the antioxidant capacity in the blood of lactating female rabbits. Calcium anacardate at the level of 1.0% improves the feed conversion ratio during gestation and increases the phenolic compounds and antioxidant capacity in the blood serum of female rabbits at 21 days of lactation. Index terms: Oryctolagus cuniculus, gestation, lactation, natural antioxidant, phenolic compounds.
520 ## - NOTA DE RESUMO
Nota de conteúdo Resumo ‒ O objetivo deste trabalho foi avaliar o efeito da adição dietética de anacardato de cálcio como fonte de ácido anacárdico sobre o desempenho reprodutivo e os parâmetros antioxidantes sanguíneos de coelhas Nova Zelândia Branco. Vinte e sete fêmeas da raça Nova Zelândia Branco foram distribuídas em delineamento em blocos ao acaso, com três tratamentos e nove repetições, tendo-se considerado um animal como unidade experimental. Os tratamentos consistiram em rações peletizadas, com diferentes níveis de inclusão de anacardato de cálcio (0, 0,5 e 1,0%). A inclusão de anacardato de cálcio nas dietas aumentou a concentração de compostos fenólicos e a capacidade antioxidante no sangue das coelhas fêmeas lactantes. O anacardato de cálcio ao nível de 1,0% melhora a conversão alimentar durante<br/>a gestação e aumenta os compostos fenólicos e a capacidade antioxidante no soro sanguíneo das coelhas aos 21 dias de lactação. Termos para indexação: Oryctolagus cuniculus, gestação, lactação,<br/>antioxidante natural, compostos fenólicos.
650 ## - ASSUNTO - THESAGRO
Cabeçalho tópico ou nome geográfico COELHO
650 ## - ASSUNTO - THESAGRO
Cabeçalho tópico ou nome geográfico ORYCTOLAGUS CUNICULUS
650 ## - ASSUNTO - THESAGRO
Cabeçalho tópico ou nome geográfico ALIMENTAÇÃO ANIMAL
650 ## - ASSUNTO - THESAGRO
Cabeçalho tópico ou nome geográfico DESEMPENHO REPRODUTIVO
650 ## - ASSUNTO - THESAGRO
Cabeçalho tópico ou nome geográfico GESTAÇÃO
650 ## - ASSUNTO - THESAGRO
Cabeçalho tópico ou nome geográfico LACTAÇÃO
650 ## - ASSUNTO - THESAGRO
Cabeçalho tópico ou nome geográfico ANTIOXIDANTE
650 ## - ASSUNTO - THESAGRO
Cabeçalho tópico ou nome geográfico COMPOSTO FENÓLICO
773 0# - ENTRADA ANALÍTICA
Host Biblionumber 920
Registro do item 357578
Imprenta Brasília-DF Empresa Brasileira de Pesquisa Agropecuária - EMBRAPA 1966-
Outro identificador 2025-5543
Título Pesquisa Agropecuária Brasileira (Brazil)
ISSN 0100-204X
Colação v. 59 p. 1-8; (2024)
Número de controle de registro BR2025002467
856 ## - ACESSO E ENDEREÇO ELETRÔNICO
Identificador uniforme de recurso - URI https://www.scielo.br/j/pab/a/VjttqjqngFWyGBgzpJZYJhN/?format=pdf&lang=en

Nenhum exemplar disponível.

BINAGRI

Telefone: (61)3218-2567/2388/3357/2097 - binagri@agro.gov.br

Ministério da Agricultura e Pecuária , Esplanada dos Ministérios, Bloco D, Anexo B, Brasília/DF, CEP: 70.043-900